000 00619nam a2200241 a 4500
001 nice12345678
003 IN_TiNIC
005 20260116011903.0
008 050524s1950 cula grp 000 0 eng
020 _a
_c0
082 0 0 _a181.4
_bCHA
100 _aChatterjee, Satishchandra
245 _aNyaya Theory of Knowledge.
260 _aCulcatta
_bUniversity of Calcutta
_c1950
300 _a384p
500 _aincludes index and biblioraphy
505 2 _aWorld Christian Book No.3
650 _aEpistemology-Hindu
700 1 _aChatterjee, Satishchandra
902 _bSRS
942 _cBK
999 _c4717
_d4717